| 000 | 00803nam a2200217Ia 4500 | ||
|---|---|---|---|
| 001 | 15662 | ||
| 003 | GE_BSU | ||
| 008 | 181216s||||||||xx |||||||||||||| ||und|| | ||
| 040 | _cGE_BSU | ||
| 080 | _a908(479.22) | ||
| 100 | _aძერია, რ. | ||
| 245 | _aოდოია : ნარკვევი | ||
| 245 | _cრედ.დ.ივარდავა.მხატვ.გ.წერეთელი | ||
| 260 | _aთბილისი | ||
| 260 | _bსაბჭ. საქართველო | ||
| 260 | _c1975 | ||
| 300 | _a66გვ. ; 17სმ | ||
| 653 | _aკომუნისტური მშენებლობა საქართველოში; საბჭოთა პატრიოტიზმი | ||
| 653 | _aოდოია : ნარკვევი | ||
| 942 | _cBK | ||
| 999 |
_c48761 _d48761 |
||